| 000 | 01278nam a2200301 i 4500 | ||
|---|---|---|---|
| 001 | 187213 | ||
| 003 | ES-MaACL | ||
| 005 | 20230906222838.0 | ||
| 008 | 170508s1973 sp |||| | spa d | ||
| 080 | _a330.35 | ||
| 080 | _a338.43(460)"19" | ||
| 100 | 1 |
_aEchevarría, Juan. _9162563 |
|
| 245 | 1 | 0 |
_aSobre desarrollo y agricultura / _cJuan Echevarría, Emilio de Figueroa. |
| 246 | 1 | 5 | _aDesarrollo y sus condicionantes |
| 246 | 1 | 5 | _aDerecho y agricultura |
| 260 |
_a[Toledo] : _bPublicaciones del Centro Universitario de Toledo, Universidad Complutense, _c[1973] |
||
| 300 |
_a58 p. ; _c21 cm. |
||
| 490 | 1 |
_aToledo universitario ; _v9 |
|
| 505 | 8 |
_aContiene: ; _tEl desarrollo y sus condicionantes / _rJuan Echevarría. -- _tDerecho y agricultura / _rEmilio de Figueroa |
|
| 594 | _aDos conferencias del Ciclo de Conferencias de Economía, que tuvo lugar en la primavera de 1972, en el Centro Universitario de Toledo. | ||
| 650 | 4 |
_aDesarrollo económico. _9153584 |
|
| 650 | 4 |
_aAgricultura- _zEspaña- _yS.XX. _9146547 |
|
| 700 | 1 |
_aFigueroa, Emilio de. _950780 |
|
| 710 | 2 |
_aUniversidad Complutense de Madrid. _bCentro Universitario de Toledo. _9162578 |
|
| 830 | 0 |
_aToledo universitario ; _v9 _9185581 |
|
| 852 |
_aES-MaACL _jL-31556 |
||
| 999 |
_c187213 _d187213 |
||